Т. 1; Граф Монте-Кристо

Dettagli Bibliografici
Parent link:Дюма (Дюма-сын), А. (французский писатель ; 1824-1895). Граф Монте-Кристо: роман. Т. 1.— .— Москва: Советская Россия, 1992.— 5-268-00145-0
Riassunto:Роман "Граф Монте Кристо" (1845—1846) одно из тех произведений А. Дюма которые А. И. Куприн назвал "вечными спутниками человечества" Действие романа охватывает длительный, период с начала Реставрации Бурбонов (1814) потом Сто дней Наполеона Бонапарта, затей вторая Реставрация и, наконец, Июльская монархия (1830) Захватывающее повествование разворачивается на фоне действительных исторических событий. В романе, написанном во многом на материале судебной хроники; рассказывается об удивительной судьбе бывшего наполеоновского офицера Эдмона Дантеса, который после невероятных приключений принимает имя графа Монте-Кристо и всю свою изобретательность и энергию направляет на то, чтобы добром воздать тем, кто в свое время помог ему его близким, и отомстить виновникам своих несчастий.
Lingua:russo
Pubblicazione: 1992
Soggetti:
Natura: MixedMaterials Libro
KOHA link:https://koha.lib.tpu.ru/cgi-bin/koha/opac-detail.pl?biblionumber=671225

MARC

LEADER 00000nam2a2200000 4500
001 671225
005 20240621162311.0
010 |a 5-268-00145-0 
090 |a 671225 
100 |a 20240305d1992 m||y0rusy50 ca 
101 1 |a rus  |c fre 
102 |a RU 
105 |a y z 000ay 
200 0 |a Т. 1 
203 |a Текст  |b визуальный  |c непосредственный 
210 |d 1992 
215 |a 624 с. 
283 |a volume  |2 RDAcarrier 
330 |a Роман "Граф Монте Кристо" (1845—1846) одно из тех произведений А. Дюма которые А. И. Куприн назвал "вечными спутниками человечества" Действие романа охватывает длительный, период с начала Реставрации Бурбонов (1814) потом Сто дней Наполеона Бонапарта, затей вторая Реставрация и, наконец, Июльская монархия (1830) Захватывающее повествование разворачивается на фоне действительных исторических событий. В романе, написанном во многом на материале судебной хроники; рассказывается об удивительной судьбе бывшего наполеоновского офицера Эдмона Дантеса, который после невероятных приключений принимает имя графа Монте-Кристо и всю свою изобретательность и энергию направляет на то, чтобы добром воздать тем, кто в свое время помог ему его близким, и отомстить виновникам своих несчастий. 
461 1 |0 672972  |9 672972  |a Дюма (Дюма-сын), А. (французский писатель ; 1824-1895)  |c Москва  |d 1992  |n Советская Россия  |o роман  |t Граф Монте-Кристо  |v Т. 1  |y 5-268-00145-0 
606 1 |a Французская литература  |x Произведения  |9 81252 
610 1 |a художественная литература 
610 1 |a романы 
610 1 |a приключения 
675 |a 84  |v 4 
801 0 |a RU  |b 63413507  |c 20240305  
942 |c BK